[Event "POL-chT3 Kujawsko Pomorskie 1314"]
[Site "Poland"]
[Date "2013.??.??"]
[Round "6.14"]
[White "Kowalski, Roman"]
[Black "Kozakiewicz, Gracjan"]
[Result "0-1"]
[WhiteElo "1557"]
[BlackElo "1577"]
[PlyCount "120"]
[EventDate "2013.11.03"]
[EventType "team-tourn"]
[EventRounds "11"]
[EventCountry "POL"]
[SourceTitle "EXT 2015"]
[Source "ChessBase"]
[SourceDate "2014.11.20"]
[SourceVersion "1"]
[SourceVersionDate "2014.11.20"]
[SourceQuality "1"]
[WhiteTeam "Bydgoszcz Emdek"]
[BlackTeam "Bydgoszcz Hetman"]
[WhiteTeamCountry "POL"]
[BlackTeamCountry "POL"]

1. e4 c5 2. b3 Nc6 3. Bb2 d6 4. Nc3 e6 5. Nf3 Be7 6. Bb5 Bd7 7. 0-0 Nf6 8. d3 a6 9. Bxc6 Bxc6 10. Ne2 Qc7 11. Ng3 0-0-0 12. a3 h5 13. b4 h4 14. Ne2 d5 15. e5 Nd7 16. bxc5 Nxc5 17. d4 Ne4 18. Nd2 Rh6 19. Nxe4 dxe4 20. Nf4 g5 21. Nh3 f5 22. exf6 Bxf6 23. Qg4 Qe7 24. Rad1 Rd5 25. c4 Rf5 26. Bc1 Qd6 27. d5 Ba4 28. Rde1 Bc2 29. Re3 Bd4 30. Rxe4 Bxe4 31. Qxe4 Qe5 32. Qxe5 Rxe5 33. Bxg5 Rg6 34. Bxh4 Re4 35. Bg3 Bb2 36. dxe6 Bxa3 37. Nf4 Rf6 38. e7 Bxe7 39. Nd5 Rfe6 40. Nxe7+ Rxe7 41. c5 Re1 42. f3 Rxf1+ 43. Kxf1 a5 44. Bf4 a4 45. Bc1 Re5 46. h4 Rxc5 47. Bb2 Rb5 48. Bg7 a3 49. g4 Kd7 50. Ke2 a2 51. h5 Ke7 52. f4 Kf7 53. h6 Rb1 54. g5 a1Q 55. Bxa1 Rxa1 56. Kf3 Kg6 57. Ke4 Re1+ 58. Kd5 b5 59. Kc5 b4 60. Kxb4 Re4+ 0-1